000
00319nam a2200157Ia 4500
100
_a
Niku/Saeed B
250
_a
2
942
_c
BK
654
_a
robotics
245
_a
Introduction to Robotics
260
_b
Pearson Education
_c
2001
082
_a
629.892
_b
NIK
300
_a
349
546
_a
ENGLISH
999
_c
18802
_d
18802